000
00244nam a2200085Ia 4500
245
0
_a
Human rights : an introduction
100
_a
O'BYRNE, Darren J. Harlow, Essex, 2003
_9
89429
942
_c
BK
008
210825s9999 xx 000 0 und d
999
_c
502624
_d
502623